| 000 | 02264nam a2200289 i 4500 | ||
|---|---|---|---|
| 003 | DO-SdBNP | ||
| 005 | 20250731145420.0 | ||
| 007 | ta | ||
| 008 | 250421b2024 dr a|||| |||| 00| 0 spa d | ||
| 020 | _a9789945188486 | ||
| 040 |
_aDO-SdBNP _bspa _cBNPHU _erda |
||
| 041 | _aspa | ||
| 082 | 4 |
_a523.12 _bV297a _222 |
|
| 100 | 1 |
_aVargas López, Rafael Antonio, _eautor _4aut. _987204 |
|
| 245 | 1 | 3 |
_aEl abrazo de la eternidad : _bdanza con la singularidad / _cRafael Antonio Vargas López |
| 264 | 4 |
_aSanto Domingo : _bEditor no identificado, _c©2024. |
|
| 300 |
_a554 páginas : _bilustraciones ; _c23 cm. |
||
| 336 |
_atexto _btxt _2rdacontent |
||
| 337 |
_asin mediación _bn _2rdamedia |
||
| 338 |
_avolumen _bnc _2rdacarrier |
||
| 505 |
_aRaíces de gratitud -- _tLa conferencia mundial -- _tLa vida de Rael -- _tEl cielo de los elegidos -- _tEl infierno interior -- _tLa trascendencia infinita -- _tLos susurros de liana -- _tLos susurros de liana -- _tEl espejo del alma -- _tLa convergencia de los caminos -- _tReflejos cuánticos del alma -- _tEl lápiz, el cristal y el beso -- _tEl eco del atractor -- _tEl enigma -- _tEl laberinto de la mente -- _tLa seducción de la inmortalidad -- _tEl presagio del enfrentamiento -- _tEl último reflejo -- _tEl llamado de la eternidad -- _tLa danza con la singularidad -- |
||
| 505 | _aCapítulo 1. Raíces de gratitud -- Capítulo 2. La conferencia mundial -- Capítulo 3. La vida de Rael -- Capítulo 4. El cielo de los elegidos -- Capítulo 5. El infierno interior -- Capítulo 6. La trascendencia infinita -- Capítulo 7. Los susurros de liana -- Capítulo 8. Los lazos que nos unen -- Capítulo 9. El espejo del alma -- Capítulo 10. La convergencia de los caminos -- Capítulo 11. Reflejos cuánticos del alma -- Capitulo 12. El lápiz, el cristal y el beso -- Capítulo 13. El eco del atractor -- Capitulo 14. El enigma -- Capitulo 15. El laberinto de la mente --Capitulo 16. La seducción de la inmortalidad -- Capitulo 17. El presagio del enfrentamiento -- Capitulo 18. El último reflejo -- Capitulo 19. El llamado de la eternidad -- Capitulo 20. La danza con la singularidad | ||
| 590 | _aInventariado, 2025/BT | ||
| 650 | 4 |
_a Cosmología _91848 |
|
| 910 | _aBtavárez. Valida. Control de Calidad/MAA | ||
| 942 |
_2ddc _cLBS1 |
||
| 999 |
_c58428 _d58428 |
||